Recruiting, training, and developing volunteer youth workers. (Record no. 12497)

000 -LEADER
fixed length control field 00622nam a2200181 a 4500
001 - CONTROL NUMBER
control field :::00010299$&:&@@
003 - CONTROL NUMBER IDENTIFIER
control field OkBaRHE
005 - DATE AND TIME OF LATEST TRANSACTION
control field 20000607103357.0
008 - FIXED-LENGTH DATA ELEMENTS--GENERAL INFORMATION
fixed length control field s1987 j 000 0 eng u
040 ## - CATALOGING SOURCE
Transcribing agency
100 1# - MAIN ENTRY--PERSONAL NAME
Personal name Roadcup, David.
245 10 - TITLE STATEMENT
Title Recruiting, training, and developing volunteer youth workers.
Statement of responsibility, etc Illustrated by Mary Chambers.
260 ## - PUBLICATION, DISTRIBUTION, ETC. (IMPRINT)
Place of publication, distribution, etc Cincinnati, OH., :
Name of publisher, distributor, etc Standard Publishing Co.
Date of publication, distribution, etc c1987
300 ## - PHYSICAL DESCRIPTION
Extent 96 p. : illus. ;
Dimensions 28 cm.
650 ## - SUBJECT ADDED ENTRY--TOPICAL TERM
Topical term or geographic name as entry element Church Work with Youth
942 ## - ADDED ENTRY ELEMENTS (KOHA)
Source of classification or shelving scheme
Koha item type Books
Copies
Withdrawn status Price effective from Source of classification or shelving scheme Permanent Location Shelving location Date acquired Not for loan Full call number Barcode Lost status Damaged status Date last seen Copy number Koha item type
 2010-04-14 RHEMA Bible Training CollegeGeneral Stacks2010-04-14 BV 4447 .R6210299  2010-04-141Books